[Event "Torneo Benidorm Gran Hotel Bali - B 2022"]
[Site "Benidorm ESP"]
[Date "2022.12.09"]
[Round "8.8"]
[White "Lloret Mauri, Jaime"]
[Black "Kita Ruiz, Ichiro"]
[Result "0-1"]
[WhiteElo "1985"]
[BlackElo "1841"]
[PlyCount "78"]
[EventDate "2022.12.03"]
[EventType "swiss"]
[EventRounds "9"]
[EventCountry "ESP"]
[SourceTitle "Ajedrez en Madrid"]
[Source "lmi"]
[SourceDate "2022.12.03"]
[SourceVersion "1"]
[SourceVersionDate "2022.12.10"]
[SourceQuality "1"]

1. e4 {[%emt 0:11:23]} e6 {[%emt 0:00:08]} 2. d4 {[%emt 0:00:19]} d5 {[%emt 0:00:05]} 3. exd5 {[%emt 0:00:03]} exd5 {[%emt 0:00:11]} 4. Bd3 {[%emt 0:00:06]} Nc6 {[%emt 0:00:07]} 5. c3 {[%emt 0:00:09]} Bd6 {[%emt 0:00:07]} 6. Nf3 {[%emt 0:00:11]} Nf6 {[%emt 0:00:16]} 7. O-O {[%emt 0:00:15]} h6 {[%emt 0:00:14]} 8. Re1+ {[%emt 0:00:15]} Ne7 {[%emt 0:00:07]} 9. Qc2 {[%emt 0:00:42]} O-O {[%emt 0:00:48]} 10. Ne5 {[%emt 0:00:52]} Be6 {[%emt 0:03:11]} 11. Nd2 {[%emt 0:00:53]} Qc8 {[%emt 0:00:47]} 12. Nf1 {[%emt 0:05:47]} Bf5 {[%emt 0:00:17]} 13. Ng3 {[%emt 0:02:16]} Bxd3 {[%emt 0:00:06]} 14. Qxd3 {[%emt 0:00:11]} c6 {[%emt 0:10:21]} 15. Qf3 {[%emt 0:04:43]} Nh7 {[%emt 0:02:06]} 16. Bf4 {[%emt 0:04:35]} Ng6 {[%emt 0:06:37]} 17. Bd2 {[%emt 0:06:44]} Bxe5 {[%emt 0:11:43]} 18. dxe5 {[%emt 0:00:43]} Qc7 {[%emt 0:04:25]} 19. Qh5 {[%emt 0:00:36]} Rfe8 {[%emt 0:02:37]} 20. e6 {[%emt 0:06:14]} Nf6 {[%emt 0:03:17]} 21. Qf5 {[%emt 0:01:12]} Nh4 {[%emt 0:03:12]} 22. exf7+ {[%emt 0:06:53]} Qxf7 {[%emt 0:00:13]} 23. Qd3 {[%emt 0:01:39]} Nh5 {[%emt 0:07:25]} 24. Rxe8+ {[%emt 0:08:07]} Rxe8 {[%emt 0:00:31]} 25. Qd4 {[%emt 0:00:19]} Nxg3 {[%emt 0:05:24]} 26. hxg3 {[%emt 0:00:11]} Nf5 {[%emt 0:00:13]} 27. Qxa7 {[%emt 0:00:48]} Re2 {[%emt 0:00:14]} 28. Qb8+ {[%emt 0:09:13]} Kh7 {[%emt 0:00:06]} 29. Rd1 {[%emt 0:00:16]} Nd6 {[%emt 0:06:37]} 30. Bf4 {[%emt 0:17:31]} Ne4 {[%emt 0:00:57]} 31. f3 {[%emt 0:00:15]} Nc5 {[%emt 0:06:31]} 32. Rd2 {[%emt 0:02:36]} Re1+ {[%emt 0:02:50]} 33. Kf2 {[%emt 0:00:06]} Qe7 {[%emt 0:00:29]} 34. g4 {[%emt 0:00:30]} Qh4+ {[%emt 0:07:50]} 35. Bg3 {[%emt 0:00:08]} Qh1 {[%emt 0:00:04]} 36. Bh2 {[%emt 0:00:10]} Ne4+ {[%emt 0:00:03]} 37. fxe4 {[%emt 0:00:36]} Qf1+ {[%emt 0:00:06]} 38. Kg3 {[%emt 0:00:16]} Re3+ {[%emt 0:00:07]} 39. Kh4 {[%emt 0:00:16]} Qf6+ {[%emt 0:02:02]} 0-1

[Event "Torneo Benidorm Gran Hotel Bali - B 2022"]
[Site "Benidorm ESP"]
[Date "2022.12.10"]
[Round "9.1"]
[White "Kushal, O."]
[Black "Perez Garcia, Juan Angel"]
[Result "1/2-1/2"]
[WhiteElo "1801"]
[BlackElo "1893"]
[PlyCount "31"]
[EventDate "2022.12.03"]
[EventType "swiss"]
[EventRounds "9"]
[EventCountry "ESP"]
[SourceTitle "Ajedrez en Madrid"]
[Source "lmi"]
[SourceDate "2022.12.03"]
[SourceVersion "1"]
[SourceVersionDate "2022.12.10"]
[SourceQuality "1"]

1. d4 {[%emt 0:01:35]} Nf6 {[%emt 0:00:14]} 2. Bf4 {[%emt 0:00:04]} e6 {[%emt 0:00:13]} 3. e3 {[%emt 0:00:04]} c5 {[%emt 0:00:19]} 4. c3 {[%emt 0:00:15]} d5 {[%emt 0:04:52]} 5. Nd2 {[%emt 0:00:16]} Bd6 {[%emt 0:00:37]} 6. Bg3 {[%emt 0:00:06]} Qc7 {[%emt 0:00:10]} 7. dxc5 {[%emt 0:00:07]} Qxc5 {[%emt 0:00:18]} 8. Ngf3 {[%emt 0:00:07]} Qc7 {[%emt 0:02:47]} 9. Bd3 {[%emt 0:03:31]} Nc6 {[%emt 0:07:25]} 10. e4 {[%emt 0:01:07]} Bxg3 {[%emt 0:00:08]} 11. hxg3 {[%emt 0:00:08]} dxe4 {[%emt 0:01:29]} 12. Nxe4 {[%emt 0:00:10]} Nxe4 {[%emt 0:00:19]} 13. Bxe4 {[%emt 0:00:02]} Bd7 {[%emt 0:00:29]} 14. Qe2 {[%emt 0:01:12]} h6 {[%emt 0:11:20]} 15. O-O-O {[%emt 0:00:49]} O-O-O {[%emt 0:00:31]} 16. Nd4 {[%emt 0:01:37]} 1/2-1/2

[Event "Torneo Benidorm Gran Hotel Bali - B 2022"]
[Site "Benidorm ESP"]
[Date "2022.12.10"]
[Round "9.2"]
[White "Amoros Moran, Jose Joaquin"]
[Black "Dura Olmos, Gines Raul"]
[Result "1/2-1/2"]
[WhiteElo "1830"]
[BlackElo "1998"]
[PlyCount "102"]
[EventDate "2022.12.03"]
[EventType "swiss"]
[EventRounds "9"]
[EventCountry "ESP"]
[SourceTitle "Ajedrez en Madrid"]
[Source "lmi"]
[SourceDate "2022.12.03"]
[SourceVersion "1"]
[SourceVersionDate "2022.12.10"]
[SourceQuality "1"]

1. Nc3 {[%emt 0:00:39]} c5 {[%emt 0:00:28]} 2. e4 {[%emt 0:00:44]} Nc6 {[%emt 0:01:02]} 3. Nf3 {[%emt 0:01:43]} g6 {[%emt 0:00:21]} 4. Bc4 {[%emt 0:01:42]} Bg7 {[%emt 0:00:29]} 5. O-O {[%emt 0:00:49]} d6 {[%emt 0:00:07]} 6. h3 {[%emt 0:00:23]} e6 {[%emt 0:00:06]} 7. Re1 {[%emt 0:01:19]} Nge7 {[%emt 0:00:06]} 8. d3 {[%emt 0:05:18]} O-O {[%emt 0:00:08]} 9. a4 {[%emt 0:01:48]} Nd4 {[%emt 0:04:56]} 10. Bg5 {[%emt 0:02:43]} h6 {[%emt 0:00:38]} 11. Bf4 {[%emt 0:04:18]} Nec6 {[%emt 0:00:57]} 12. Rb1 {[%emt 0:04:15]} Kh7 {[%emt 0:02:38]} 13. Nb5 {[%emt 0:02:06]} Nxf3+ {[%emt 0:03:24]} 14. Qxf3 {[%emt 0:02:13]} e5 {[%emt 0:00:07]} 15. Bd2 {[%emt 0:10:49]} a6 {[%emt 0:01:41]} 16. Nc3 {[%emt 0:03:15]} Nd4 {[%emt 0:03:19]} 17. Qd1 {[%emt 0:00:14]} f5 {[%emt 0:03:02]} 18. Ne2 {[%emt 0:03:09]} Nxe2+ {[%emt 0:02:34]} 19. Qxe2 {[%emt 0:01:22]} f4 {[%emt 0:00:05]} 20. f3 {[%emt 0:05:47]} g5 {[%emt 0:13:27]} 21. Qf2 {[%emt 0:05:26]} h5 {[%emt 0:01:21]} 22. Kf1 {[%emt 0:02:12]} g4 {[%emt 0:01:07]} 23. hxg4 {[%emt 0:00:03]} hxg4 {[%emt 0:00:12]} 24. Ke2 {[%emt 0:00:38]} g3 {[%emt 0:02:39]} 25. Rh1+ {[%emt 0:00:07]} Kg6 {[%emt 0:00:33]} 26. Qe1 {[%emt 0:01:22]} Bd7 {[%emt 0:00:33]} 27. a5 {[%emt 0:06:06]} Qc7 {[%emt 0:02:00]} 28. Be3 {[%emt 0:09:04]} Bf6 {[%emt 0:07:37]} 29. Bg1 {[%emt 0:04:37]} Bb5 {[%emt 0:13:03]} 30. Qc3 {[%emt 0:02:43]} Rac8 {[%emt 0:02:10]} 31. Be6 {[%emt 0:03:30]} Rce8 {[%emt 0:00:57]} 32. Bd5 {[%emt 0:03:27]} Bc6 {[%emt 0:01:16]} 33. Bxc6 {[%emt 0:05:15]} bxc6 {[%emt 0:00:13]} 34. b4 {[%emt 0:01:40]} Rb8 {[%emt 0:08:01]} 35. Rb3 {[%emt 0:00:08]} cxb4 {[%emt 0:01:34]} 36. Qc4 {[%emt 0:02:00]} Qc8 {[%emt 0:02:12]} 37. Rxb4 {[%emt 0:03:38]} Rb5 {[%emt 0:00:02]} 38. Bb6 {[%emt 0:00:40]} d5 {[%emt 0:00:55]} 39. Qb3 {[%emt 0:00:47]} Rxb4 {[%emt 0:02:16]} 40. Qxb4 {[%emt 0:00:02]} Rh8 41. Rxh8 {[%emt 0:01:33]} Qxh8 {[%emt 0:00:15]} 42. Bg1 {[%emt 0:00:53]} Qg8 {[%emt 0:04:11]} 43. Qd6 {[%emt 0:00:36]} dxe4 {[%emt 0:00:26]} 44. dxe4 {[%emt 0:00:39]} Qa2 {[%emt 0:00:48]} 45. Qxc6 {[%emt 0:00:21]} Qxa5 {[%emt 0:00:17]} 46. Bc5 {[%emt 0:00:38]} Qc3 {[%emt 0:03:45]} 47. Qe8+ {[%emt 0:00:26]} Kh7 {[%emt 0:00:59]} 48. Qf7+ {[%emt 0:00:19]} Bg7 49. Qh5+ {[%emt 0:00:16]} Kg8 {[%emt 0:00:34]} 50. Qe8+ {[%emt 0:00:11]} Kh7 51. Qf7 {[%emt 0:02:32]} Qxc2+ {[%emt 0:00:01] Bf8 Qd3+ Kd1 Qe3} 1/2-1/2

[Event "Torneo Benidorm Gran Hotel Bali - B 2022"]
[Site "Benidorm ESP"]
[Date "2022.12.10"]
[Round "9.3"]
[White "Aledo Yanguas, David"]
[Black "Ferro Martinez, Damian"]
[Result "1-0"]
[WhiteElo "1953"]
[BlackElo "1911"]
[PlyCount "69"]
[EventDate "2022.12.03"]
[EventType "swiss"]
[EventRounds "9"]
[EventCountry "ESP"]
[SourceTitle "Ajedrez en Madrid"]
[Source "lmi"]
[SourceDate "2022.12.03"]
[SourceVersion "1"]
[SourceVersionDate "2022.12.10"]
[SourceQuality "1"]

1. e4 {[%emt 0:03:57]} c5 {[%emt 0:00:33]} 2. d4 {[%emt 0:00:23]} cxd4 {[%emt 0:00:07]} 3. c3 {[%emt 0:00:28]} dxc3 {[%emt 0:00:08]} 4. Nxc3 {[%emt 0:00:09]} a6 {[%emt 0:00:25]} 5. Nf3 {[%emt 0:00:14]} e6 {[%emt 0:00:06]} 6. Bc4 {[%emt 0:00:05]} b5 {[%emt 0:00:07]} 7. Bb3 {[%emt 0:00:09]} Nc6 {[%emt 0:00:05]} 8. Qe2 {[%emt 0:00:08]} Na5 {[%emt 0:00:06]} 9. Bg5 {[%emt 0:06:17]} Qb6 {[%emt 0:14:51]} 10. Bd5 {[%emt 0:02:03]} Rb8 {[%emt 0:05:23]} 11. Be3 {[%emt 0:06:50]} Bc5 {[%emt 0:01:56]} 12. Bf4 {[%emt 0:14:09]} Bd6 {[%emt 0:08:41]} 13. e5 {[%emt 0:02:39]} Bb4 {[%emt 0:00:06]} 14. Be4 {[%emt 0:01:24]} Bb7 {[%emt 0:07:31]} 15. Ng5 {[%emt 0:01:38]} Rc8 {[%emt 0:10:38]} 16. O-O {[%emt 0:05:13]} f5 {[%emt 0:02:01]} 17. exf6 {[%emt 0:10:47]} Nxf6 {[%emt 0:00:18]} 18. Bxh7 {[%emt 0:01:15]} Rc4 {[%emt 0:06:18]} 19. Bg6+ {[%emt 0:03:46]} Kf8 {[%emt 0:02:42]} 20. Bg3 {[%emt 0:10:27]} Rg4 {[%emt 0:21:22]} 21. Nh7+ {[%emt 0:19:31]} Rxh7 {[%emt 0:01:49]} 22. Bxh7 {[%emt 0:00:19]} Bxc3 {[%emt 0:07:50]} 23. bxc3 {[%emt 0:01:32]} Qc6 {[%emt 0:00:21]} 24. f3 {[%emt 0:01:07]} Rxg3 {[%emt 0:00:40]} 25. hxg3 {[%emt 0:04:48]} Nxh7 {[%emt 0:00:07]} 26. Qe5 {[%emt 0:00:24]} Nf6 {[%emt 0:00:18]} 27. Rad1 {[%emt 0:00:30]} Nc4 {[%emt 0:00:07]} 28. Qb8+ {[%emt 0:00:52]} Kf7 {[%emt 0:00:02]} 29. Rf2 {[%emt 0:00:13]} Ne3 {[%emt 0:01:31]} 30. Rd3 {[%emt 0:00:59]} Nfd5 {[%emt 0:00:56]} 31. g4 {[%emt 0:00:17]} Nc4 {[%emt 0:03:12]} 32. f4 {[%emt 0:00:20]} Nf6 {[%emt 0:01:18]} 33. f5 {[%emt 0:01:00]} e5 {[%emt 0:00:01]} 34. g5 {[%emt 0:00:18]} Ng4 {[%emt 0:00:01]} 35. Qd8 {[%emt 0:00:49]} 1-0

[Event "Torneo Benidorm Gran Hotel Bali - B 2022"]
[Site "Benidorm ESP"]
[Date "2022.12.10"]
[Round "9.4"]
[White "Lorenzo Calvo, Damian Angel"]
[Black "Oreshkin, Vladislav"]
[Result "1-0"]
[WhiteElo "1859"]
[BlackElo "1912"]
[PlyCount "111"]
[EventDate "2022.12.03"]
[EventType "swiss"]
[EventRounds "9"]
[EventCountry "ESP"]
[SourceTitle "Ajedrez en Madrid"]
[Source "lmi"]
[SourceDate "2022.12.03"]
[SourceVersion "1"]
[SourceVersionDate "2022.12.10"]
[SourceQuality "1"]

1. e4 {[%emt 0:00:01]} e6 {[%emt 0:04:13]} 2. d4 {[%emt 0:00:14]} b6 {[%emt 0:00:02]} 3. Bd3 {[%emt 0:00:50]} Bb7 {[%emt 0:00:05]} 4. Nf3 {[%emt 0:00:50]} c5 {[%emt 0:00:27]} 5. c4 {[%emt 0:01:15]} cxd4 {[%emt 0:00:32]} 6. Nxd4 {[%emt 0:00:17]} a6 {[%emt 0:00:37]} 7. Nc3 {[%emt 0:01:16]} Qc7 {[%emt 0:00:41]} 8. O-O {[%emt 0:00:47]} Nf6 {[%emt 0:01:11]} 9. Be3 {[%emt 0:03:14]} d6 {[%emt 0:02:05]} 10. f3 {[%emt 0:01:46]} Nbd7 {[%emt 0:00:53]} 11. Rc1 {[%emt 0:00:37]} Rc8 {[%emt 0:02:05]} 12. Be2 {[%emt 0:01:33]} Qb8 {[%emt 0:00:58]} 13. b3 {[%emt 0:02:42]} Be7 {[%emt 0:05:03]} 14. Qd2 {[%emt 0:00:37]} Ne5 {[%emt 0:04:42]} 15. h3 {[%emt 0:01:14]} Ned7 {[%emt 0:03:17]} 16. Rfd1 {[%emt 0:01:27]} O-O {[%emt 0:00:52]} 17. Bf4 {[%emt 0:03:45]} Rfd8 {[%emt 0:05:24]} 18. Nc2 {[%emt 0:02:08]} Ne5 {[%emt 0:00:47]} 19. Qe3 {[%emt 0:03:28]} Ng6 {[%emt 0:10:26]} 20. Bg3 {[%emt 0:00:52]} Qa8 {[%emt 0:03:39]} 21. Na4 {[%emt 0:04:31]} d5 {[%emt 0:04:44]} 22. Nxb6 {[%emt 0:03:51]} Bc5 {[%emt 0:00:32]} 23. Qxc5 {[%emt 0:00:12]} Rxc5 {[%emt 0:00:03]} 24. Nxa8 {[%emt 0:00:12]} Rxa8 {[%emt 0:01:44]} 25. exd5 {[%emt 0:01:17]} exd5 {[%emt 0:00:13]} 26. b4 {[%emt 0:00:51]} Rcc8 {[%emt 0:00:16]} 27. c5 {[%emt 0:00:19]} Nh5 {[%emt 0:03:35]} 28. Bd6 {[%emt 0:00:51]} Nhf4 {[%emt 0:00:41]} 29. Bf1 {[%emt 0:00:56]} Bc6 {[%emt 0:03:50]} 30. Nd4 {[%emt 0:00:23]} Bd7 {[%emt 0:02:34]} 31. c6 {[%emt 0:01:10]} Be8 {[%emt 0:01:20]} 32. a4 {[%emt 0:01:17]} Rd8 {[%emt 0:01:47]} 33. c7 {[%emt 0:00:20]} Rxd6 {[%emt 0:01:27]} 34. c8=Q {[%emt 0:00:10]} Rxc8 {[%emt 0:00:02]} 35. Rxc8 {[%emt 0:00:01]} Kf8 {[%emt 0:00:21]} 36. Re1 {[%emt 0:00:02]} Ne6 {[%emt 0:00:15]} 37. b5 {[%emt 0:00:40]} Ne7 {[%emt 0:00:45]} 38. Nxe6+ {[%emt 0:00:11]} fxe6 {[%emt 0:00:06]} 39. Rb8 {[%emt 0:00:06]} a5 {[%emt 0:02:06]} 40. Rc1 {[%emt 0:00:23]} d4 {[%emt 0:00:59]} 41. Bd3 {[%emt 0:00:13]} Nd5 {[%emt 0:00:50]} 42. Rcc8 {[%emt 0:00:12]} Nf6 {[%emt 0:00:15]} 43. b6 {[%emt 0:00:13]} Ke7 {[%emt 0:00:55]} 44. Rc7+ {[%emt 0:00:43]} Nd7 {[%emt 0:00:27]} 45. Kf2 {[%emt 0:00:42]} Bg6 {[%emt 0:00:47]} 46. Bxg6 {[%emt 0:00:48]} hxg6 {[%emt 0:00:02]} 47. Ke2 {[%emt 0:00:31]} Kf6 {[%emt 0:01:20]} 48. Rxd7 {[%emt 0:01:48]} Rxd7 {[%emt 0:03:12]} 49. f4 {[%emt 0:01:09]} g5 {[%emt 0:07:41]} 50. fxg5+ {[%emt 0:00:23]} Ke7 {[%emt 0:01:38]} 51. Ra8 {[%emt 0:00:17]} Kd6 {[%emt 0:00:57]} 52. Rxa5 {[%emt 0:00:16]} Rb7 {[%emt 0:05:51]} 53. Rb5 {[%emt 0:00:10]} e5 {[%emt 0:00:41]} 54. Kd3 {[%emt 0:00:11]} Kc6 {[%emt 0:03:19]} 55. Rxe5 {[%emt 0:00:06]} Kxb6 {[%emt 0:00:18]} 56. Rb5+ {[%emt 0:00:06]} 1-0

[Event "Torneo Benidorm Gran Hotel Bali - B 2022"]
[Site "Benidorm ESP"]
[Date "2022.12.10"]
[Round "9.5"]
[White "Vladut, Matei"]
[Black "Anguas Fanlo, Sergio"]
[Result "1-0"]
[WhiteElo "1979"]
[BlackElo "1884"]
[PlyCount "81"]
[EventDate "2022.12.03"]
[EventType "swiss"]
[EventRounds "9"]
[EventCountry "ESP"]
[SourceTitle "Ajedrez en Madrid"]
[Source "lmi"]
[SourceDate "2022.12.03"]
[SourceVersion "1"]
[SourceVersionDate "2022.12.10"]
[SourceQuality "1"]

1. d4 {[%emt 0:00:06]} b6 {[%emt 0:01:55]} 2. Nf3 {[%emt 0:04:31]} Bb7 {[%emt 0:00:15]} 3. g3 {[%emt 0:00:30]} Nf6 {[%emt 0:00:18]} 4. Bg2 {[%emt 0:00:11]} e6 {[%emt 0:00:05]} 5. O-O {[%emt 0:00:53]} c5 {[%emt 0:03:11]} 6. c4 {[%emt 0:03:06]} cxd4 {[%emt 0:29:20]} 7. Nxd4 {[%emt 0:03:33]} Bxg2 {[%emt 0:03:38]} 8. Kxg2 {[%emt 0:00:40]} Nc6 {[%emt 0:01:39]} 9. Nc3 {[%emt 0:05:14]} Bc5 {[%emt 0:06:46]} 10. Nxc6 {[%emt 0:04:49]} dxc6 {[%emt 0:00:08]} 11. Qa4 {[%emt 0:00:18]} Qc7 {[%emt 0:01:28]} 12. Rd1 {[%emt 0:07:59]} O-O {[%emt 0:05:17]} 13. Bf4 {[%emt 0:05:06]} e5 {[%emt 0:01:58]} 14. Bg5 {[%emt 0:00:35]} Be7 {[%emt 0:08:54]} 15. Bxf6 {[%emt 0:07:33]} Bxf6 {[%emt 0:00:04]} 16. Rd2 {[%emt 0:13:27]} Rad8 {[%emt 0:01:55]} 17. Rad1 {[%emt 0:00:32]} Rxd2 {[%emt 0:00:28]} 18. Rxd2 {[%emt 0:00:02]} Rd8 {[%emt 0:00:27]} 19. Rxd8+ {[%emt 0:00:12]} Bxd8 {[%emt 0:00:06]} 20. b4 {[%emt 0:00:37]} a5 {[%emt 0:05:25]} 21. b5 {[%emt 0:01:23]} c5 {[%emt 0:00:42]} 22. Qd1 {[%emt 0:01:21]} h5 {[%emt 0:01:41]} 23. Qd5 {[%emt 0:00:49]} Kf8 {[%emt 0:09:09]} 24. f3 {[%emt 0:13:34]} f5 {[%emt 0:04:10]} 25. Qe6 {[%emt 0:00:39]} Qf7 {[%emt 0:01:46]} 26. Qc8 {[%emt 0:08:06]} Ke8 {[%emt 0:01:09]} 27. Nd5 {[%emt 0:00:10]} Qd7 {[%emt 0:03:09]} 28. Qb8 {[%emt 0:00:24]} e4 {[%emt 0:01:38]} 29. fxe4 {[%emt 0:01:02]} fxe4 {[%emt 0:00:08]} 30. Qe5+ {[%emt 0:00:12]} Kf7 {[%emt 0:01:46]} 31. Qxh5+ {[%emt 0:00:11]} Kg8 {[%emt 0:00:12]} 32. Qe5 {[%emt 0:00:46]} Qg4 {[%emt 0:05:27]} 33. Qe8+ {[%emt 0:03:48]} Kh7 {[%emt 0:00:02]} 34. Nf4 {[%emt 0:00:17]} Bf6 {[%emt 0:01:38]} 35. Qxe4+ {[%emt 0:00:10]} Kh6 {[%emt 0:00:31]} 36. Qe8 {[%emt 0:01:04]} Kh7 {[%emt 0:00:48]} 37. Qh5+ {[%emt 0:00:08]} Qxh5 38. Nxh5 {[%emt 0:00:01]} Bd4 {[%emt 0:00:02]} 39. Nf4 {[%emt 0:00:22]} Bf6 {[%emt 0:00:21]} 40. Kf3 {[%emt 0:00:10]} Kg8 {[%emt 0:00:09]} 41. Ke4 {[%emt 0:00:13]} 1-0

[Event "Torneo Benidorm Gran Hotel Bali - B 2022"]
[Site "Benidorm ESP"]
[Date "2022.12.10"]
[Round "9.6"]
[White "Gutierrez Marco, Dario"]
[Black "Romera Carrion, Ruben"]
[Result "1/2-1/2"]
[WhiteElo "1949"]
[BlackElo "1870"]
[PlyCount "44"]
[EventDate "2022.12.03"]
[EventType "swiss"]
[EventRounds "9"]
[EventCountry "ESP"]
[SourceTitle "Ajedrez en Madrid"]
[Source "lmi"]
[SourceDate "2022.12.03"]
[SourceVersion "1"]
[SourceVersionDate "2022.12.10"]
[SourceQuality "1"]

1. e4 {[%emt 0:00:02]} e6 {[%emt 0:00:14]} 2. d4 {[%emt 0:00:12]} d5 {[%emt 0:00:03]} 3. e5 {[%emt 0:00:11]} c5 {[%emt 0:00:04]} 4. c3 {[%emt 0:00:09]} Nc6 {[%emt 0:00:04]} 5. Nf3 {[%emt 0:00:13]} Qb6 {[%emt 0:00:40]} 6. a3 {[%emt 0:00:28]} Nge7 {[%emt 0:01:14]} 7. b4 {[%emt 0:00:27]} cxd4 {[%emt 0:00:09]} 8. cxd4 {[%emt 0:00:07]} Nf5 {[%emt 0:00:27]} 9. Be3 {[%emt 0:00:27]} Nxe3 {[%emt 0:00:44]} 10. fxe3 {[%emt 0:00:07]} a5 {[%emt 0:04:37]} 11. b5 {[%emt 0:04:22]} Ne7 {[%emt 0:08:19]} 12. Bd3 {[%emt 0:03:15]} Nf5 {[%emt 0:03:49]} 13. Qe2 {[%emt 0:02:43]} Be7 {[%emt 0:02:06]} 14. a4 {[%emt 0:06:12]} Bd7 {[%emt 0:07:11]} 15. O-O {[%emt 0:03:05]} Rc8 {[%emt 0:03:43]} 16. Nbd2 {[%emt 0:04:40]} O-O {[%emt 0:03:47]} 17. Rfc1 {[%emt 0:06:08]} Rxc1+ {[%emt 0:10:40]} 18. Rxc1 {[%emt 0:00:09]} Rc8 {[%emt 0:00:21]} 19. Rxc8+ {[%emt 0:04:46]} Bxc8 {[%emt 0:00:04]} 20. Nf1 {[%emt 0:00:29]} Qc7 {[%emt 0:06:42]} 21. Qc2 {[%emt 0:00:19]} Qxc2 {[%emt 0:05:04]} 22. Bxc2 {[%emt 0:00:04]} Nh4 {[%emt 0:00:02]} 1/2-1/2

[Event "Torneo Benidorm Gran Hotel Bali - B 2022"]
[Site "Benidorm ESP"]
[Date "2022.12.10"]
[Round "9.7"]
[White "Hernando Santiago, Alberto"]
[Black "Kita Ruiz, Ichiro"]
[Result "1-0"]
[WhiteElo "1936"]
[BlackElo "1841"]
[PlyCount "59"]
[EventDate "2022.12.03"]
[EventType "swiss"]
[EventRounds "9"]
[EventCountry "ESP"]
[SourceTitle "Ajedrez en Madrid"]
[Source "lmi"]
[SourceDate "2022.12.03"]
[SourceVersion "1"]
[SourceVersionDate "2022.12.10"]
[SourceQuality "1"]

1. e4 {[%emt 0:00:02]} e6 {[%emt 0:00:05]} 2. Nf3 {[%emt 0:00:05]} d5 {[%emt 0:00:06]} 3. e5 {[%emt 0:00:04]} Be7 {[%emt 0:00:20]} 4. d4 {[%emt 0:00:27]} c5 {[%emt 0:00:33]} 5. c3 {[%emt 0:00:46]} Nc6 {[%emt 0:00:06]} 6. Bd3 {[%emt 0:06:13]} Qb6 {[%emt 0:00:17]} 7. O-O {[%emt 0:01:39]} Bd7 {[%emt 0:00:05]} 8. Nbd2 {[%emt 0:20:09]} cxd4 {[%emt 0:01:58]} 9. cxd4 {[%emt 0:03:47]} Nxd4 10. Nxd4 {[%emt 0:00:03]} Qxd4 {[%emt 0:00:15]} 11. Nf3 {[%emt 0:00:12]} Qb6 {[%emt 0:00:46]} 12. Qe2 {[%emt 0:05:07]} f6 {[%emt 0:06:00]} 13. Bf4 {[%emt 0:04:52]} Nh6 {[%emt 0:19:25]} 14. exf6 {[%emt 0:08:25]} Bxf6 {[%emt 0:00:25]} 15. Ne5 {[%emt 0:00:05]} Ke7 {[%emt 0:06:36]} 16. Rfd1 {[%emt 0:10:22]} a6 {[%emt 0:10:24]} 17. a4 {[%emt 0:06:40]} Nf7 {[%emt 0:03:30]} 18. Nxd7 {[%emt 0:09:14]} Kxd7 {[%emt 0:00:12]} 19. Bf5 {[%emt 0:02:12]} Ke7 {[%emt 0:10:08]} 20. a5 {[%emt 0:01:30]} Qb4 {[%emt 0:03:08]} 21. Qxe6+ {[%emt 0:00:45]} Kf8 {[%emt 0:00:10]} 22. Bd2 {[%emt 0:02:03]} Qe7 {[%emt 0:05:23]} 23. Qb6 {[%emt 0:00:58]} Qe5 {[%emt 0:02:50]} 24. Bb4+ {[%emt 0:01:41]} Kg8 {[%emt 0:00:46]} 25. Be6 {[%emt 0:00:54]} Rd8 {[%emt 0:02:02]} 26. Re1 {[%emt 0:02:01]} Qf4 {[%emt 0:06:23]} 27. g3 {[%emt 0:04:02]} Qb8 {[%emt 0:02:52]} 28. Rac1 {[%emt 0:00:57]} Re8 {[%emt 0:02:14]} 29. Rc7 {[%emt 0:01:17]} Rxe6 {[%emt 0:00:28]} 30. Qxe6 {[%emt 0:01:53]} 1-0

[Event "Torneo Benidorm Gran Hotel Bali - B 2022"]
[Site "Benidorm ESP"]
[Date "2022.12.10"]
[Round "9.8"]
[White "Ramadugu, Akshay"]
[Black "Reig Albero, Ferran"]
[Result "1-0"]
[WhiteElo "1812"]
[BlackElo "1908"]
[PlyCount "93"]
[EventDate "2022.12.03"]
[EventType "swiss"]
[EventRounds "9"]
[EventCountry "ESP"]
[SourceTitle "Ajedrez en Madrid"]
[Source "lmi"]
[SourceDate "2022.12.03"]
[SourceVersion "1"]
[SourceVersionDate "2022.12.10"]
[SourceQuality "1"]

1. d4 {[%emt 0:00:53]} d5 {[%emt 0:00:13]} 2. c4 {[%emt 0:00:55]} e6 {[%emt 0:00:13]} 3. Nc3 {[%emt 0:01:11]} Nf6 {[%emt 0:00:10]} 4. cxd5 {[%emt 0:00:56]} exd5 {[%emt 0:00:08]} 5. Bg5 {[%emt 0:00:47]} Nbd7 {[%emt 0:00:55]} 6. e3 {[%emt 0:00:27]} c6 {[%emt 0:00:15]} 7. Bd3 {[%emt 0:00:29]} Be7 {[%emt 0:01:09]} 8. Nf3 {[%emt 0:02:47]} O-O {[%emt 0:05:09]} 9. h3 {[%emt 0:01:52]} Ne4 {[%emt 0:03:46]} 10. Bf4 {[%emt 0:07:26]} Ndf6 {[%emt 0:11:56]} 11. O-O Bd6 12. Ne5 {[%emt 0:03:15]} Re8 13. Re1 {[%emt 0:24:56]} Nxc3 14. bxc3 c5 {[%emt 0:00:15]} 15. Rb1 {[%emt 0:16:28]} c4 {[%emt 0:02:30]} 16. Bc2 {[%emt 0:03:34]} Qc7 {[%emt 0:04:36]} 17. Bh2 {[%emt 0:08:34]} Ne4 {[%emt 0:15:22]} 18. Bxe4 {[%emt 0:00:04]} dxe4 {[%emt 0:00:13]} 19. Qa4 {[%emt 0:00:07]} Be6 {[%emt 0:02:34]} 20. Ng4 {[%emt 0:09:38]} Bxh2+ {[%emt 0:04:49]} 21. Nxh2 {[%emt 0:00:32]} Bd7 {[%emt 0:01:11]} 22. Qc2 {[%emt 0:00:20]} b5 {[%emt 0:03:30]} 23. Kh1 {[%emt 0:04:52]} Rab8 {[%emt 0:02:41]} 24. f3 {[%emt 0:02:08]} Bc6 {[%emt 0:03:51]} 25. f4 {[%emt 0:00:57]} a5 {[%emt 0:01:01]} 26. Nf1 {[%emt 0:06:40]} Bd5 {[%emt 0:01:15]} 27. a3 {[%emt 0:01:07]} Re6 {[%emt 0:00:56]} 28. Nd2 {[%emt 0:00:51]} f5 {[%emt 0:00:24]} 29. Rec1 {[%emt 0:02:59]} h6 {[%emt 0:03:29]} 30. g4 {[%emt 0:00:47]} fxg4 {[%emt 0:03:40]} 31. hxg4 {[%emt 0:00:01]} Rg6 {[%emt 0:01:18]} 32. Rg1 {[%emt 0:00:29]} Qe7 {[%emt 0:00:08]} 33. Nf1 {[%emt 0:05:00]} Qxa3 {[%emt 0:01:23]} 34. Nh2 {[%emt 0:00:36]} Qe7 {[%emt 0:01:21]} 35. Qa2 {[%emt 0:00:31]} Qc7 {[%emt 0:01:14]} 36. g5 {[%emt 0:00:48]} hxg5 {[%emt 0:00:43]} 37. f5 {[%emt 0:00:06]} Rh6 {[%emt 0:02:36]} 38. Rxg5 {[%emt 0:00:12]} Qd6 {[%emt 0:04:28]} 39. Rbg1 {[%emt 0:00:31]} Rb7 {[%emt 0:00:20]} 40. Rg6 {[%emt 0:01:57]} Rxg6 {[%emt 0:01:49]} 41. Rxg6 Qf8 {[%emt 0:00:22]} 42. Ng4 {[%emt 0:01:07]} Kf7 {[%emt 0:00:31]} 43. Qxa5 {[%emt 0:01:36]} Qe7 {[%emt 0:01:34]} 44. Ne5+ {[%emt 0:01:18]} Ke8 {[%emt 0:00:56]} 45. Qa8+ {[%emt 0:00:21]} Qd8 {[%emt 0:00:02]} 46. Qxd8+ {[%emt 0:00:13]} Kxd8 {[%emt 0:00:07]} 47. Rd6+ 1-0